<?xml version="1.0" encoding="UTF-8"?>
<marc:record xmlns:marc="http://www.loc.gov/MARC21/slim">
   <marc:leader>00000nam a2200000 a 4500</marc:leader>
   <marc:datafield ind1="1" ind2=" " tag="100">
      <marc:subfield code="a">Zohren, Julia</marc:subfield>
      <marc:subfield code="4">aut</marc:subfield>
      <marc:subfield code="e">Verfasser/-in</marc:subfield>
   </marc:datafield>
   <marc:datafield ind1=" " ind2=" " tag="653">
      <marc:subfield code="a">Umwelt</marc:subfield>
   </marc:datafield>
   <marc:datafield ind1=" " ind2=" " tag="653">
      <marc:subfield code="a">Klimawandel</marc:subfield>
   </marc:datafield>
   <marc:datafield ind1=" " ind2=" " tag="653">
      <marc:subfield code="a">Nachhaltigkeit</marc:subfield>
   </marc:datafield>
   <marc:datafield ind1=" " ind2=" " tag="653">
      <marc:subfield code="a">Plastik</marc:subfield>
   </marc:datafield>
   <marc:datafield ind1=" " ind2=" " tag="653">
      <marc:subfield code="a">Alternativen</marc:subfield>
   </marc:datafield>
   <marc:datafield ind1=" " ind2=" " tag="653">
      <marc:subfield code="a">Ausbeutung</marc:subfield>
   </marc:datafield>
   <marc:datafield ind1=" " ind2=" " tag="653">
      <marc:subfield code="a">Haushaltsreiniger</marc:subfield>
   </marc:datafield>
   <marc:datafield ind1="0" ind2="0" tag="245">
      <marc:subfield code="a">Einfach nachhaltig leben</marc:subfield>
   </marc:datafield>
   <marc:datafield ind1="0" ind2="0" tag="245">
      <marc:subfield code="b">mit 100 Tipps und Anleitungen für mehr Nachhaltigkeit in allen Lebensbereichen; Weniger Plastik für mehr Lebensqualität</marc:subfield>
   </marc:datafield>
   <marc:datafield ind1=" " ind2="1" tag="264">
      <marc:subfield code="b">Edition Michael Fischer GmbH</marc:subfield>
      <marc:subfield code="c">2019</marc:subfield>
   </marc:datafield>
   <marc:datafield ind1="1" ind2=" " tag="520">
      <marc:subfield code="a">Zero Waste - Happy Life
Plastik im Meer, Klimawandel, Ausbeutung - für ein umweltbewusstes und ethisch vertretbares Handeln gibt es genügend gute Gründe. Immer mehr greifen zu Bio und Fair-Trade, nutzen Car-Sharing und hinterfragen ihr eigenes Konsumverhalten. Nachhaltigkeit entwickelt sich immer mehr zu einem Lebensgefühl. Julia Zohren gibt in ihrem Buch über 100 Tipps für alle Lebensbereiche, die mit wenig Aufwand die Welt ein bisschen besser machen: Reinigungsmittel selber machen, wiederverwendbare Abschminkpads, ein Insektenhotel bauen, Seed Bombs verteilen, Bienenwachstücher statt Frischhaltefolie. Dazu gibt sie wertvolles Hintergrundwissen zum Thema Nachhaltigkeit und wichtige Fakten zu den Themen Plastikmüll, Klimawandel und Co. </marc:subfield>
   </marc:datafield>
   <marc:datafield ind1=" " ind2=" " tag="020">
      <marc:subfield code="a">9783960934929</marc:subfield>
      <marc:subfield code="9">9783960934929</marc:subfield>
   </marc:datafield>
</marc:record>
